Pénzbüntetés és pénzmellékbüntetés a magyar büntetőjogban

Elmentve itt :
Bibliográfiai részletek
Szerző: Balogh Krisztina
További közreműködők: Nagy Ferenc (Témavezető)
Dokumentumtípus: Szakdolgozat
Megjelent: 2002
Tárgyszavak:
Online Access:http://diploma.bibl.u-szeged.hu/27340
LEADER 00580nta a2200157 i 4500
001 dipl27340
005 20130314084814.0
008 110928s2002 hu om 0|| zxx d
040 |a SZTE Diploma Repozitórium  |b hun 
041 |a zxx 
100 1 |a Balogh Krisztina 
245 1 0 |a Pénzbüntetés és pénzmellékbüntetés a magyar büntetőjogban  |h [elektronikus dokumentum] /  |c Krisztina Balogh 
260 |c 2002 
650 4 |a Jogi és igazgatási tanulmányok 
700 1 |a Nagy Ferenc  |e ths 
856 4 0 |u http://diploma.bibl.u-szeged.hu/id/eprint/27340/1/2002_balogh_krisztina.pdf  |z Dokumentum-elérés